Peregrino querubínico o (Record no. 185466)
[ view plain ]
| 000 -LEADER | |
|---|---|
| campo de control de longitud fija | 01324nam a2200301 i 4500 |
| 001 - NÚMERO DE CONTROL | |
| campo de control | 185466 |
| 003 - IDENTIFICADOR DE NÚMERO DE CONTROL | |
| campo de control | SpMaBN |
| 005 - FECHA Y HORA DE LA ÚLTIMA TRANSACCIÓN | |
| campo de control | 20240228063038.0 |
| 008 - DATOS DE LONGITUD FIJA--INFORMACIÓN GENERAL | |
| campo de control de longitud fija | 160607s1985 sp |||| | spa d |
| 020 ## - NÚMERO INTERNACIONAL ESTÁNDAR DEL LIBRO | |
| Número Internacional Estándar del Libro | 84-85354-37-6 |
| 040 ## - FUENTE DE CATALOGACIÓN | |
| Centro/agencia transcriptor | SpMaBN |
| 080 ## - NÚMERO DE LA CLASIFICACIÓN DECIMAL UNIVERSAL | |
| Número de la Clasificación Decimal Universal | 821.112.2-193.2"16" |
| 100 0# - ENTRADA PRINCIPAL--NOMBRE DE PERSONA | |
| Nombre de persona | Angelus Silesius, |
| Fechas asociadas al nombre | 1624-1677 |
| 9 (RLIN) | 159802 |
| Término indicativo de función/relación | Autor |
| 245 10 - MENCIÓN DEL TÍTULO | |
| Título | Peregrino querubínico o |
| Resto del título | Epigramas y máximas espirituales para llevar a la contemplación de Dios / |
| Mención de responsabilidad, etc. | Angelo Silesio ; traducción de Francesc Gutiérrez. |
| 246 38 - FORMA VARIANTE DEL TITULO | |
| Título propio/Titulo breve | Epigramas y máximas espirituales para llevar a la contemplación de Dios |
| 260 ## - PUBLICACIÓN, DISTRIBUCIÓN, ETC. | |
| Lugar de publicación, distribución, etc. | Palma de Mallorca : |
| Nombre del editor, distribuidor, etc. | José J. de Olañeta, |
| Fecha de publicación, distribución, etc. | 1985. |
| 300 ## - DESCRIPCIÓN FÍSICA | |
| Extensión | 219 páginas ; |
| Dimensiones | 21 cm. |
| 490 1# - MENCIÓN DE SERIE | |
| Mención de serie | Ediciones de la tradición unánime. |
| -- | Sophia perennis ; |
| Designación de volumen o secuencia | 25 |
| 534 ## - NOTA SOBRE LA VERSIÓN ORIGINAL | |
| Frase introductoria | Traducción de: Cherubinischer Wandersmann |
| 700 1# - ENTRADA AGREGADA--NOMBRE PERSONAL | |
| Nombre de persona | Gutiérrez, Francesc. |
| 9 (RLIN) | 152084 |
| Término indicativo de función/relación | Traductor |
| 740 02 - ENTRADA AGREGADA--TÍTULO RELACIONADO/ANALÍTICO NO CONTROLADO | |
| Título relacionado o analítico no controlado | Epigramas y máximas espirituales para llevar a la contemplación de Dios. |
| 830 0# - PUNTO DE ACCESO ADICIONAL DE SERIE-TÍTULO UNIFORME | |
| Título uniforme | Ediciones de la tradición unánime. |
| -- | Sophia perennis ; |
| Designación de volumen o secuencia | 25 |
| 9 (RLIN) | 225218 |
| 852 ## - LOCALIZACIÓN | |
| Ubicación | ES-MaACL |
| Número de control de estantería | L-30355 |
| Ubicación en estantería | Depósito 2 |
| Donativo/Legado | Donación: Miguel Ángel Velasco |
| itemnumber | 192501 |
| 903 ## - NOMBRE PERSONAL DE DONANTE | |
| 9 | 113736 |
| a | Velasco, Miguel Ángel, |
| d | 1963-2010 |
| e | Donante |
| 942 ## - ELEMENTOS DE ENTRADA SECUNDARIOS (KOHA) | |
| Tipo de ítem Koha | Libro impreso |
| Suprimir en OPAC | No |
| Estatus retirado | Estado de pérdida | Fuente del sistema de clasificación o colocación | Estado de daño | No para préstamo | Biblioteca de origen | Biblioteca actual | Ubicación en estantería | Fecha de adquisición | Fuente de adquisición | Total de préstamos | Signatura topográfica completa | Código de barras | Visto por última vez | Tipo de ítem Koha |
|---|---|---|---|---|---|---|---|---|---|---|---|---|---|---|
| Clasificación decimal universal | Biblioteca del Ateneo de Madrid | Biblioteca del Ateneo de Madrid | Depósito 2 | 07/06/2016 | Donación | L-30355 | 1195404 | 23/02/2023 | Libro impreso |
